Tajná mantra /

Příběh navazuje na román Kouzelník ze Lhasy a spojuje v napínavém příběhu průlomovou vědu, spiritualitu a hloubku mysticismu tibetského buddhismu.

Uloženo v:
Hlavní autor: Michie, David, 1962- (Autor)
Další autoři: Chodora, Zdeněk (Autor)
Médium: Kniha
Jazyk:Czech
Vydáno: [Praha] : Synergie, [2021]
Vydání:Vydání první
Témata:
Celkem bylo vypůjčeno:10x
Tagy:
Žádné tagy
LEADER 02830nam a2200529 i 4500
001 96774
003 CZ PrSKC
005 20211222152305.0
007 ta
008 211104t20212021xr g 000 f cze
015 |a cnb003368694 
020 |a 9788073705978  |q (vázáno) 
040 |a ABG001  |b cze  |e rda 
041 1 |a cze  |h eng 
072 7 |a 821.111-3  |x Anglická próza, anglicky psaná  |2 Konspekt  |9 25 
080 |a 821.111-31  |2 MRF 
080 |a 243.4-584.5  |2 MRF 
080 |a 24  |2 MRF 
080 |a 24-1/-9  |2 MRF 
080 |a 243.4  |2 MRF 
080 |a (0:82-312.2)  |2 MRF 
100 1 |a Michie, David,  |d 1962-  |7 mzk2013773205  |4 aut  |9 24560 
240 1 0 |a Secret mantra.  |l Česky 
245 1 0 |a Tajná mantra /  |c David Michie ; z anglického originálu The secret mantra přeložil Zdeněk Chodora 
250 |a Vydání první 
264 1 |a [Praha] :  |b Synergie,  |c [2021] 
264 4 |c ©2021 
300 |a 265 stran ;  |c 20 cm 
336 |a text  |b txt  |2 rdacontent 
337 |a bez média  |b n  |2 rdamedia 
338 |a svazek  |b nc  |2 rdacarrier 
520 |a Příběh navazuje na román Kouzelník ze Lhasy a spojuje v napínavém příběhu průlomovou vědu, spiritualitu a hloubku mysticismu tibetského buddhismu.  |b Na tento okamžik se Matt Lester v odlehlém himálajském klášteře připravoval pět let. Jeho osudem je otevřít starodávný, zapečetěný svitek obsahující proroctví, které svět naléhavě potřebuje. Když ale přijde jeho čas, svitek je ukraden. Matt se ocitne uprostřed nebezpečného pátrání. Na opačném konci světa se vědkyně Alice Weisensteinová právě chystá odhalit výsledky výzkumu zaměřeného na léčení mysli a těla. Události naberou zlověstný spád, když zmizí její nadřízený - a ona si uvědomí, že je sledována. Mattovo hledání svitku, vedené lámy, ho zavede až k Alici. Dvojice se vydává na nebezpečnou honbu za svitkem a hrozby se stupňují. Společně se musí rozhodnout, komu mohou skutečně věřit. Nakladatelská anotace. Kráceno. 
650 0 7 |a duchovní cesta  |7 ph119626  |x buddhistické pojetí  |2 czenas 
650 0 7 |a učení buddhismu  |7 ph162902  |2 czenas 
650 0 7 |a tibetský buddhismus  |7 ph116452  |2 czenas 
650 0 9 |a spiritual path  |x Buddhist approach  |2 eczenas 
650 0 9 |a Buddhist doctrine  |2 eczenas 
650 0 9 |a Tibetan Buddhism  |2 eczenas 
655 7 |a anglicky psané romány  |7 fd131805  |2 czenas  |9 53412 
655 7 |a náboženské romány  |7 fd195357  |2 czenas  |9 54494 
655 9 |a fiction in English  |2 eczenas 
655 9 |a religious novels  |2 eczenas 
700 1 |a Chodora, Zdeněk  |7 hka2015875649  |4 trl  |9 27073 
910 |a UOG502 
942 |2 ddc  |c KN 
999 |d 96774 
993 |0 0  |1 421180097158  |2 ddc  |4 0  |7 0  |9 85788  |b 0  |c 97158  |d 2021-12-22  |e 10  |f DOSP  |h 289.00  |i Koupě  |l DOSP  |m 8  |r 2026-01-13  |s 2025-09-10  |t 6  |w 2021-12-22  |y KN  |z BELET